Countries that use the most Solar Power - Statistics

General Stats
  • This quiz has been taken 35 times
  • The average score is 7 of 10
Answer Stats
MW Country % Correct
7,777 United States
100%
8,300 China
94%
4,003 France
90%
32,411 Germany
90%
5,166 Spain
84%
6,914 Japan
81%
2,650 Australia
77%
16,361 Italy
77%
2,650 Belgium
35%
2,072 Czech Republic
13%
No matching quizzes found
Score Distribution
Percent of People with Each Score
Percentile by Number Answered
Your Score History
You have not taken this quiz